|
|
|
|
| LEADER |
04140nam a22004457a 4500 |
| 001 |
34708 |
| 003 |
BD-DhAAL |
| 005 |
20220105125628.0 |
| 008 |
190526t2017 enka|||| b||| 001 0 eng d |
| 999 |
|
|
|c 40781
|d 40781
|
| 020 |
|
|
|a 9780857112712
|
| 040 |
|
|
|a BD-DhAAL
|
| 082 |
|
|
|a 615.19
|2 22
|
| 245 |
|
|
|a Handbook of pharmaceutical excipients /
|c edited by Paul J. Sheskey, Walter G. Cook and Colin G. Cable.
|
| 250 |
|
|
|a Eight edition
|
| 260 |
|
|
|a London ;
|a Washington DC :
|b Pharmaceutical Press ;
|b American Pharmacists Association,
|c 2017
|
| 300 |
|
|
|a xxxi, 1184 pages :
|b illustrations ;
|c 28 cm.
|
| 500 |
|
|
|a Previous edition: 2012.
|
| 504 |
|
|
|a Includes bibliographical references and index.
|
| 505 |
|
|
|a New Formulation Considerations and Related Information chapters on: - Functional Categories of Pharmaceutical Excipients - Pharmaceutical Excipients in Pediatric Formulations - The Selection of Excipients for Oral Solid Dosage Forms - Reactive Components in Pharmaceutical Excipients Over 400 Monographs benefiting from a standardized, easy-to-use template including: - pharmacopoeial information from the UK, Europe, Japan and the United States where relevant - non-proprietary names and synonyms - chemical name and structure, CAS Registry number, empirical formula, molecular weight - functional category, applications and incompatibilities - material description and typical excipient properties - safety, stability, storage and handling information - method of drug manufacture - related substances - primary references - editorial comments - author details and revision date 6 Appendices: - Suppliers directory - List of Monographs by Functional Category - List of Related Substances - List of Excipients by `E' number - List of Excipients by `EINECS' number - List of Excipients by `CAS' number
|
| 520 |
|
|
|a The Handbook of Pharmaceutical Excipients is internationally recognised as the authoritative source of information on pharmaceutical excipients giving a comprehensive guide to uses, properties and safety.
|
| 526 |
|
|
|a PHR
|
| 541 |
|
|
|a Trim Education
|e 34708, 34709, 34710, 34711, 34712, 34713, 34714, 34715.
|
| 650 |
|
|
|a Excipients
|v Handbooks, manuals, etc.
|9 32158
|
| 650 |
|
|
|a Technology, Pharmaceutical
|v Handbooks.
|9 32159
|
| 650 |
|
|
|a Excipients
|v Handbooks.
|9 32160
|
| 650 |
|
|
|a Pharmacy.
|9 43078
|
| 700 |
|
|
|a Sheskey, Paul J.
|9 32161
|
| 700 |
|
|
|a Cook, Walter G.
|9 32162
|
| 700 |
|
|
|a Cable, Colin G.
|9 32163
|
| 852 |
|
|
|a Ayesha Abed Library
|c General Stacks
|
| 942 |
|
|
|2 ddc
|c BK
|
| 952 |
|
|
|0 0
|1 0
|2 ddc
|4 0
|6 615_190000000000000_HAN
|7 0
|9 65527
|a BRACUL
|b BRACUL
|c GEN
|d 2019-05-22
|e Trim Education
|g 30995.00
|l 1
|m 19
|o 615.19 HAN
|p 3010034708
|r 2019-12-03
|s 2019-07-15
|t 1
|v 30995.00
|w 2019-05-22
|y BK
|
| 952 |
|
|
|0 0
|1 0
|2 ddc
|4 0
|6 615_190000000000000_HAN
|7 0
|9 65528
|a BRACUL
|b BRACUL
|c GEN
|d 2019-05-22
|e Trim Education
|g 30995.00
|l 0
|o 615.19 HAN
|p 3010034712
|r 2019-05-22
|t 5
|v 30995.00
|w 2019-05-22
|y BK
|
| 952 |
|
|
|0 0
|1 0
|2 ddc
|4 0
|6 615_190000000000000_HAN
|7 0
|9 65529
|a BRACUL
|b BRACUL
|c GEN
|d 2019-05-22
|e Trim Education
|g 30995.00
|l 1
|m 22
|o 615.19 HAN
|p 3010034711
|r 2019-12-05
|s 2019-07-15
|t 4
|v 30995.00
|w 2019-05-22
|y BK
|
| 952 |
|
|
|0 0
|1 0
|2 ddc
|4 0
|6 615_190000000000000_HAN
|7 0
|9 65530
|a BRACUL
|b BRACUL
|c GEN
|d 2019-05-22
|e Trim Education
|g 30995.00
|l 1
|o 615.19 HAN
|p 3010034710
|r 2019-09-23
|s 2019-09-23
|t 3
|v 30995.00
|w 2019-05-22
|y BK
|
| 952 |
|
|
|0 0
|1 0
|2 ddc
|4 0
|6 615_190000000000000_HAN
|7 0
|9 65531
|a BRACUL
|b BRACUL
|c GEN
|d 2019-05-22
|e Trim Education
|g 30995.00
|l 0
|o 615.19 HAN
|p 3010034715
|r 2019-05-22
|t 8
|v 30995.00
|w 2019-05-22
|y BK
|
| 952 |
|
|
|0 0
|1 0
|2 ddc
|4 0
|6 615_190000000000000_HAN
|7 0
|9 65532
|a BRACUL
|b BRACUL
|c GEN
|d 2019-05-22
|e Trim Education
|g 30995.00
|l 1
|m 16
|o 615.19 HAN
|p 3010034714
|r 2020-01-08
|s 2019-09-24
|t 7
|v 30995.00
|w 2019-05-22
|y BK
|
| 952 |
|
|
|0 0
|1 0
|2 ddc
|4 0
|6 615_190000000000000_HAN
|7 0
|9 65533
|a BRACUL
|b BRACUL
|c GEN
|d 2019-05-22
|e Trim Education
|g 30995.00
|l 1
|m 28
|o 615.19 HAN
|p 3010034709
|r 2026-05-11
|s 2025-09-08
|t 2
|v 30995.00
|w 2019-05-22
|y BK
|
| 952 |
|
|
|0 0
|1 0
|2 ddc
|4 0
|6 615_190000000000000_HAN
|7 0
|9 65534
|a BRACUL
|b BRACUL
|c GEN
|d 2019-05-22
|e Trim Education
|g 30995.00
|l 1
|m 25
|o 615.19 HAN
|p 3010034713
|r 2020-02-10
|s 2019-07-17
|t 6
|v 30995.00
|w 2019-05-22
|y BK
|